Acerca de los deberes / introd., versión y notas de rubén bonifaz nuño

Guardado en:
Autor Principal: Cicerón, Marco Tulio
Otros Autores: Bonifaz Nuño, Rubén
Formato: Libro
Publicado: México : Universidad Nacional Autónoma, 2009
Materias:
Etiquetas: Agregar Etiqueta
Sin Etiquetas, Sea el primero en etiquetar este registro!
LEADER 00659nam a22001935a 4500
001 EHU.bham040697
003 AR-BHAM
005 20110317133856.0
008 130507s2009##################000#0#####d
020 |a 9786070206030 
082 8 7 |a 875 
100 1 |a Cicerón, Marco Tulio 
245 1 0 |a Acerca de los deberes /  |b introd., versión y notas de rubén bonifaz nuño  |c Marco Tulio Cicerón : 
260 |a México :  |b Universidad Nacional Autónoma,  |c 2009 
300 |a XV, 166 p., XXXIX 
500 |a Texto bilingüe: latín-español 
653 |a Literatura latina 
700 1 |a Bonifaz Nuño, Rubén 
859 |a AR-BHAM  |b BIB. HUMANIDADES - General  |h 875  |i C485-55  |p 515.10  |t Ej.1